Statistieken voor Vlaggen van Azië

Klik hier om de quiz te nemen!

Algemene statistieken

  • Deze quiz is 5.405 keer genomen
  • De gemiddelde score is 36 van 48

Antwoordstatistieken

Antwoord% Correct
China
99%
Israël
97%
Japan
96%
Zuid-Korea
96%
Cyprus
94%
India
94%
Turkije
92%
Vietnam
91%
Nepal
87%
Saoedi-Arabië
87%
Georgië
83%
Iran
83%
Bangladesh
82%
Indonesië
82%
Libanon
81%
Noord-Korea
81%
Pakistan
81%
Qatar
81%
Irak
79%
Kazachstan
79%
Bhutan
78%
Syrië
77%
Maleisië
76%
Thailand
76%
Singapore
75%
Armenië
73%
Sri Lanka
73%
Azerbeidzjan
71%
Filipijnen
71%
Cambodja
69%
Verenigde Arabische Emiraten
69%
Jemen
68%
Laos
68%
Bahrein
67%
Turkmenistan
67%
Myanmar
66%
Afghanistan
63%
Mongolië
63%
Taiwan
63%
Oezbekistan
62%
Kirgizië
60%
Jordanië
58%
Koeweit
58%
Brunei
55%
Oman
53%
Oost-Timor
53%
Maldiven
52%
Tadzjikistan
49%

Scoreverdeling

Percentiel versus Aantal Correcte Antwoorden

Procent van Mensen met Elke Score

Uw Scoregeschiedenis

U heeft deze quiz nog niet genomen